| 000 -LEADER |
| fixed length control field |
00753nam a22002417a 4500 |
| 001 - CONTROL NUMBER |
| control field |
2722 |
| 003 - CONTROL NUMBER IDENTIFIER |
| control field |
BD-DhUAP |
| 005 - DATE AND TIME OF LATEST TRANSACTION |
| control field |
20201230095749.0 |
| 008 - FIXED-LENGTH DATA ELEMENTS--GENERAL INFORMATION |
| fixed length control field |
201230s1994 nyuar 1 0eng c |
| 020 ## - INTERNATIONAL STANDARD BOOK NUMBER |
| International Standard Book Number |
0071134549 |
| 040 ## - CATALOGING SOURCE |
| Original cataloging agency |
NN |
| Language of cataloging |
eng |
| Transcribing agency |
NN |
| Modifying agency |
BD-DhUAP |
| 082 ## - DEWEY DECIMAL CLASSIFICATION NUMBER |
| Edition number |
23 |
| Classification number |
363.728 LAG |
| 100 ## - MAIN ENTRY--PERSONAL NAME |
| Personal name |
LaGrega, Michael D. |
| 245 ## - TITLE STATEMENT |
| Title |
Hazardous waste management / |
| Statement of responsibility, etc. |
Michael D. LaGrega, Phillip L. Buckingham and Jeffrey C. Evans. |
| 250 ## - EDITION STATEMENT |
| Edition statement |
International edition. |
| 260 ## - PUBLICATION, DISTRIBUTION, ETC. |
| Place of publication, distribution, etc. |
New York : |
| Name of publisher, distributor, etc. |
McGraw-Hill, |
| Date of publication, distribution, etc. |
c1994. |
| 300 ## - PHYSICAL DESCRIPTION |
| Extent |
xxxii, 1146 pages : |
| Other physical details |
illustrations ; |
| Dimensions |
23 cm. |
| 490 ## - SERIES STATEMENT |
| Series statement |
Civil engineering series. |
| 650 #0 - SUBJECT ADDED ENTRY--TOPICAL TERM |
| Topical term or geographic name entry element |
Hazardous wastes |
| General subdivision |
Management. |
| 700 ## - ADDED ENTRY--PERSONAL NAME |
| Personal name |
Buckingham, Phillip L. |
| 700 ## - ADDED ENTRY--PERSONAL NAME |
| Personal name |
Evans, Jeffrey C. |
| 942 ## - ADDED ENTRY ELEMENTS (KOHA) |
| Source of classification or shelving scheme |
|
| Koha item type |
Book |